[Event "21. Rheinland-Pfalz MTA"]
[Site "?"]
[Date "2002.07.05"]
[Round "1"]
[White "Schenderowitsch, Michael"]
[Black "Meier, Georg"]
[Result "1/2-1/2"]
[WhiteElo "2261"]
[BlackElo "1957"]
[PlyCount "67"]

1. d4 e6 2. c4 b6 3. e4 Bb7 4. Bd3 Nc6 5. Ne2 Nb4 6. Nbc3 Nxd3+ 7. Qxd3 Ne7 8.
O-O d6 9. d5 Qd7 10. f4 g6 11. Be3 Bg7 12. Bd4 e5 13. Be3 f5 14. fxe5 dxe5 15.
exf5 Nxf5 16. Bf2 O-O 17. Rad1 Rad8 18. Qc2 c6 19. Qa4 cxd5 20. Qxd7 Rxd7 21.
Nxd5 Nd4 22. Nec3 Rc8 23. Ne3 Rcd8 24. Rde1 Ne6 25. Ned5 Nf4 26. Bh4 Rf8 27.
Rd1 Rdf7 28. Rfe1 h6 29. Ne4 g5 30. Bf2 Nxd5 31. cxd5 Rd8 32. Nc3 Rfd7 33. Bg3
Bxd5 34. Bxe5 1/2-1/2

[Event "21. Rheinland-Pfalz MTA"]
[Site "?"]
[Date "2002.07.05"]
[Round "1"]
[White "Kargoll, Peter"]
[Black "Schön, Ralf,Dr."]
[Result "1/2-1/2"]
[WhiteElo "2235"]
[BlackElo "2287"]
[PlyCount "52"]

1. d4 Nf6 2. Nf3 e6 3. Bf4 c5 4. c3 Qb6 5. Qb3 Qxb3 6. axb3 Nc6 7. dxc5 Bxc5 8.
b4 Bb6 9. Nbd2 d5 10. e3 O-O 11. b5 Ne7 12. Bg5 Re8 13. Bxf6 gxf6 14. e4 f5 15.
exd5 Nxd5 16. Nb3 Nf6 17. Bc4 Ne4 18. O-O Rd8 19. g3 Bd7 20. Be2 Be8 21. Kg2
Rac8 22. c4 Bxb5 23. cxb5 Rc2 24. Nc1 Rxb2 25. Ra2 Rxa2 26. Nxa2 f6 1/2-1/2

[Event "21. Rheinland-Pfalz MTA"]
[Site "?"]
[Date "2002.07.05"]
[Round "1"]
[White "Voropaev, Gleb"]
[Black "Lares, Harald"]
[Result "1-0"]
[WhiteElo "2327"]
[BlackElo "2003"]
[PlyCount "59"]

1. e4 c6 2. Nf3 d5 3. Nc3 Bg4 4. h3 Bxf3 5. Qxf3 e6 6. g3 Nd7 7. Bg2 Bc5 8. Qe2
Qe7 9. O-O O-O-O 10. a3 dxe4 11. Nxe4 Ngf6 12. Nxc5 Qxc5 13. d3 Nd5 14. c4 Ne7
15. Be3 Qa5 16. b4 Qa4 17. b5 Ne5 18. Rfd1 Rd7 19. f4 N5g6 20. Rab1 Rhd8 21.
bxc6 Nxc6 22. Bxc6 bxc6 23. Bc5 Qa6 24. Rb4 Qa5 25. Qe3 Rb7 26. d4 Rxb4 27.
axb4 Qa6 28. Qc3 e5 29. Ra1 exd4 30. Bxd4 1-0

[Event "21. Rheinland-Pfalz MTA"]
[Site "?"]
[Date "2002.07.05"]
[Round "1"]
[White "Meinhardt, Maximilian"]
[Black "Garski, Rudolf"]
[Result "1-0"]
[WhiteElo "2175"]
[BlackElo "2055"]
[PlyCount "69"]

1. e4 d5 2. exd5 Qxd5 3. Nc3 Qa5 4. d4 Nf6 5. Bc4 c6 6. Bd2 Qc7 7. Nf3 Bg4 8.
Qe2 e6 9. O-O-O Be7 10. h3 Bh5 11. g4 Bg6 12. Ne5 Nbd7 13. h4 b5 14. h5 Bxc2
15. Kxc2 bxc4 16. g5 Nd5 17. Nxf7 Kxf7 18. g6+ Ke8 19. Qxe6 Nb4+ 20. Kb1 Qd6
21. Qf7+ Kd8 22. Rhe1 Qf6 23. Qxc4 Qf5+ 24. Ne4 Nf6 25. Bxb4 Bxb4 26. Qxb4 Nxe4
27. Ka1 Re8 28. d5 Kc8 29. Qc4 c5 30. Qa6+ Kd8 31. Qb7 Rc8 32. gxh7 Qxh7 33. d6
Nf6 34. Rxe8+ Kxe8 35. Qe7# 1-0

[Event "21. Rheinland-Pfalz MTA"]
[Site "?"]
[Date "2002.07.05"]
[Round "1"]
[White "Köhler, Patrick"]
[Black "Stewart, Neil"]
[Result "1/2-1/2"]
[WhiteElo "2171"]
[BlackElo "2387"]
[PlyCount "62"]

1. d4 Nf6 2. c4 g6 3. Nc3 Bg7 4. e4 d6 5. f3 O-O 6. Be3 Nbd7 7. Qd2 c5 8. Nge2
a6 9. dxc5 dxc5 10. Nc1 Qc7 11. Nb3 b6 12. Be2 e6 13. O-O Bb7 14. Rfd1 Bc6 15.
a4 Rfd8 16. a5 Ne5 17. axb6 Qxb6 18. Qc2 Rxd1+ 19. Nxd1 Bf8 20. Qc3 Ned7 21.
Na5 Bd6 22. Nxc6 Qxc6 23. Qd2 Qc7 24. g3 h5 25. Nf2 Qc6 26. Rd1 Be7 27. f4 Nb6
28. Qc2 Rb8 29. Bf3 Ne8 30. Kg2 Nc8 31. Rd3 Qb6 1/2-1/2

[Event "21. Rheinland-Pfalz MTA"]
[Site "?"]
[Date "2002.07.05"]
[Round "1"]
[White "Lang, Torsten"]
[Black "Dausch, René"]
[Result "1/2-1/2"]
[WhiteElo "2307"]
[BlackElo "2348"]
[PlyCount "97"]

1. d4 Nf6 2. Nf3 g6 3. g3 Bg7 4. Bg2 O-O 5. O-O c5 6. d5 d6 7. Nc3 Na6 8. e4
Bg4 9. Re1 Nd7 10. h3 Bxf3 11. Qxf3 Nc7 12. Qe2 Rb8 13. a4 a6 14. Bd2 b5 15.
Nd1 b4 16. f4 a5 17. c4 bxc3 18. Bxc3 Bxc3 19. bxc3 Qc8 20. Ne3 Nb6 21. e5 Qa6
22. c4 Nd7 23. Qg4 f5 24. exf6 Nxf6 25. Qg5 Kh8 26. Bf1 Nce8 27. Rab1 Rb4 28.
Nc2 Qa7 29. Bd3 Ng7 30. Nxb4 cxb4+ 31. Kg2 Ng8 32. Qg4 Nh6 33. Qe2 Rf7 34. Qf2
Qd7 35. Bc2 Qc7 36. Bb3 g5 37. Re4 Nhf5 38. Qb2 gxf4 39. Rxf4 Ne3+ 40. Kf3
Rxf4+ 41. Kxf4 Qc5 42. Kf3 Nxc4 43. Bxc4 Qxc4 44. Rd1 Kg8 45. Qe2 Qb3+ 46. Rd3
Qxa4 47. Qxe7 Qb5 48. Qd8+ Kf7 49. Qc7+ 1/2-1/2

[Event "21. Rheinland-Pfalz MTA"]
[Site "?"]
[Date "2002.07.06"]
[Round "2"]
[White "Meier, Georg"]
[Black "Schön, Ralf,Dr."]
[Result "1-0"]
[WhiteElo "1957"]
[BlackElo "2287"]
[PlyCount "96"]

1. Nf3 c5 2. g3 Nc6 3. d4 cxd4 4. Nxd4 g6 5. c4 Bg7 6. Nc2 Nf6 7. Bg2 d6 8. Nc3
O-O 9. O-O Be6 10. b3 Qd7 11. Bb2 Bh3 12. Re1 Bxg2 13. Kxg2 Ne4 14. Qd3 Ng5 15.
f4 Qh3+ 16. Kg1 Ne6 17. Rab1 Rfd8 18. Nd5 Nc5 19. Qf3 Bxb2 20. Rxb2 Qh6 21.
Rbb1 Rd7 22. b4 Ne6 23. Qa3 Qf8 24. Rbd1 Qd8 25. e4 b6 26. Qf3 Rc8 27. e5 dxe5
28. fxe5 Qe8 29. h4 Ncd8 30. Qe4 Ng7 31. Nce3 h5 32. Rd2 Nde6 33. Red1 Rdd8 34.
Rf2 Rd7 35. Rdf1 Rb8 36. Kh2 a5 37. a3 axb4 38. axb4 Ra7 39. Qf3 Nd8 40. g4 Ra3
41. Qf4 Rb7 42. Rg2 Kh7 43. Qe4 Qc6 44. gxh5 Rxe3 45. hxg6+ fxg6 46. Qxe3 Qxc4
47. Qg5 Nde6 48. Qxg6+ Kg8 1-0

[Event "21. Rheinland-Pfalz MTA"]
[Site "?"]
[Date "2002.07.06"]
[Round "2"]
[White "Schenderowitsch, Michael"]
[Black "Voropaev, Gleb"]
[Result "1-0"]
[WhiteElo "2327"]
[BlackElo "2261"]
[PlyCount "107"]

1. d4 Nf6 2. c4 g6 3. Nf3 Bg7 4. Nc3 O-O 5. g3 d6 6. Bg2 Nc6 7. d5 Nb8 8. O-O
a5 9. e4 e5 10. Ne1 Nbd7 11. Nd3 Nc5 12. Nxc5 dxc5 13. Be3 b6 14. h3 Ne8 15. b3
Nd6 16. Qd2 f5 17. Rac1 Bd7 18. a4 Qe7 19. Rfe1 Rae8 20. exf5 gxf5 21. f4 e4
22. Kh2 Kh8 23. Qd1 Rg8 24. Ne2 Bf6 25. Bd2 Rg6 26. Bc3 Reg8 27. Qd2 Ne8 28. h4
Qg7 29. Qe3 Bd4 30. Nxd4 Nf6 31. Ne6 Bxe6 32. Bxf6 Qxf6 33. dxe6 Rxg3 34. Qxg3
Rxg3 35. Kxg3 Qxe6 36. Bh3 Qg6+ 37. Kh2 Qh6 38. Rf1 Qxh4 39. Rce1 Kg7 40. Re2
Kf6 41. Rg2 h6 42. Rg8 Kf7 43. Rg3 Ke6 44. Re3 Kd6 45. Kg2 Qh5 46. Rf2 Kc6 47.
Rg3 Kb7 48. Rd2 Qh4 49. Bxf5 Qxf4 50. Rf2 Qe5 51. Re3 Qg7+ 52. Kh3 Qg5 53.
Bxe4+ Ka7 54. Rff3 1-0

[Event "21. Rheinland-Pfalz MTA"]
[Site "?"]
[Date "2002.07.06"]
[Round "2"]
[White "Garski, Rudolf"]
[Black "Kargoll, Peter"]
[Result "0-1"]
[WhiteElo "2055"]
[BlackElo "2235"]
[PlyCount "80"]

1. e4 e6 2. d4 d5 3. Nd2 c5 4. exd5 exd5 5. Bb5+ Nc6 6. Ngf3 Bd6 7. O-O Nge7 8.
dxc5 Bxc5 9. Nb3 Bd6 10. Re1 O-O 11. Bg5 Bg4 12. h3 Bh5 13. Bxc6 bxc6 14. Nbd4
Rc8 15. Nf5 f6 16. Nxd6 Qxd6 17. Be3 c5 18. g4 Bf7 19. b4 cxb4 20. Bxa7 Ng6 21.
Be3 Nf4 22. h4 Rfe8 23. Qd2 Re4 24. Kh1 Ng6 25. Rg1 Ne5 26. Nd4 Rc4 27. Rg3 g6
28. f3 Rexd4 29. Bxd4 Nc6 30. Bf2 d4 31. Rg2 Bd5 32. Qe2 Ne5 33. Bg3 Rc3 34.
Bxe5 fxe5 35. Rf2 Re3 36. Qf1 e4 37. f4 Rg3 38. Kh2 Rxg4 39. Qh3 Be6 40. Qg2
Rxg2+ 0-1

[Event "21. Rheinland-Pfalz MTA"]
[Site "?"]
[Date "2002.07.06"]
[Round "2"]
[White "Lares, Harald"]
[Black "Lang, Torsten"]
[Result "0-1"]
[WhiteElo "2003"]
[BlackElo "2307"]
[PlyCount "68"]

1. Nf3 f5 2. d4 Nf6 3. c4 e6 4. g3 b6 5. Bg2 Bb7 6. O-O Be7 7. Nc3 Ne4 8. d5
Nxc3 9. bxc3 O-O 10. Qc2 c5 11. Rd1 d6 12. Bh3 Qe8 13. dxe6 Be4 14. Qb2 Qg6 15.
Bf4 Qxe6 16. Ng5 Bxg5 17. Bxg5 Nd7 18. Qd2 Nf6 19. f3 Bb7 20. Qd3 Ne8 21. Rd2
h6 22. Bf4 g5 23. Be3 Ba6 24. Qd5 Bxc4 25. Qxe6+ Bxe6 26. Bf2 Rf6 27. a4 Rc8
28. Rb1 Rc6 29. f4 gxf4 30. gxf4 Rg6+ 31. Kf1 Nf6 32. Bg2 Ne4 33. Rd3 Bc4 34.
Rh3 Nd2+ 0-1

[Event "21. Rheinland-Pfalz MTA"]
[Site "?"]
[Date "2002.07.06"]
[Round "2"]
[White "Stewart, Neil"]
[Black "Meinhardt, Maximilian"]
[Result "1-0"]
[WhiteElo "2387"]
[BlackElo "2175"]
[PlyCount "69"]

1. c4 e6 2. Nf3 d5 3. d4 c5 4. cxd5 exd5 5. g3 Nc6 6. Bg2 Nf6 7. O-O Be7 8. Nc3
O-O 9. Bg5 c4 10. Ne5 Be6 11. Nxc6 bxc6 12. b3 Qa5 13. Na4 Rfd8 14. e3 Rac8 15.
Bxf6 gxf6 16. Qh5 c5 17. Nxc5 Bxc5 18. dxc5 Qxc5 19. Qh6 Qe7 20. Rac1 c3 21.
Qf4 c2 22. Rfe1 Kg7 23. g4 Qc5 24. Re2 d4 25. Rexc2 Qxc2 26. Rxc2 Rxc2 27. exd4
Rxa2 28. h4 Ra5 29. d5 Bxd5 30. Qc7 Ra1+ 31. Kh2 Bxg2 32. Qxd8 Be4 33. Qd4 Rh1+
34. Kg3 Bb7 35. g5 1-0

[Event "21. Rheinland-Pfalz MTA"]
[Site "?"]
[Date "2002.07.06"]
[Round "2"]
[White "Dausch, René"]
[Black "Köhler, Patrick"]
[Result "1-0"]
[WhiteElo "2348"]
[BlackElo "2171"]
[PlyCount "111"]

1. d4 Nf6 2. Nf3 g6 3. Bf4 Bg7 4. e3 O-O 5. h3 d5 6. Be2 c5 7. c3 Nc6 8. Nbd2
Qb6 9. Qb3 c4 10. Qxb6 axb6 11. O-O h6 12. Ne5 b5 13. a3 g5 14. Bh2 Bf5 15.
Rae1 Nxe5 16. Bxe5 Nd7 17. Bxg7 Kxg7 18. f4 Bh7 19. Bf3 Bd3 20. Rf2 e6 21. fxg5
hxg5 22. e4 Nb6 23. exd5 exd5 24. Re7 Rab8 25. Bh5 Bg6 26. Bxg6 Kxg6 27. Nf3 f6
28. Re6 Na4 29. Ne5+ Kg7 30. Nd7 Rfe8 31. Rexf6 Rbd8 32. Nc5 Re1+ 33. Kh2 Nxc5
34. dxc5 Re2 35. Rf7+ Kg8 36. Rf8+ Kg7 37. Rxe2 Kxf8 38. Re6 Rc8 39. Rb6 Rxc5
40. Rxb7 Kg8 41. Kg3 Kf8 42. Kf3 d4 43. cxd4 c3 44. bxc3 Rxc3+ 45. Kg4 Rb3 46.
Kxg5 Rg3+ 47. Kf6 Ke8 48. Rxb5 Rxg2 49. Rb3 Rd2 50. Ke6 Re2+ 51. Kd6 Ra2 52. d5
Ra1 53. h4 Rh1 54. Rb4 Rh2 55. a4 Rh1 56. Kc6 1-0

[Event "21. Rheinland-Pfalz MTA"]
[Site "?"]
[Date "2002.07.07"]
[Round "3"]
[White "Voropaev, Gleb"]
[Black "Meier, Georg"]
[Result "0-1"]
[WhiteElo "2327"]
[BlackElo "1957"]
[PlyCount "122"]

1. Nf3 e6 2. c4 b6 3. g3 Bb7 4. Bg2 c5 5. O-O Nf6 6. b3 d6 7. Bb2 Nbd7 8. d4
cxd4 9. Qxd4 Be7 10. Nc3 a6 11. Rfd1 O-O 12. Ng5 Bxg2 13. Kxg2 Qc7 14. f3 Rfd8
15. Nge4 Nc5 16. Rac1 Ncxe4 17. Nxe4 Qb7 18. Qe3 Nxe4 19. Qxe4 Qxe4 20. fxe4
Rac8 21. a4 Rc6 22. Rd3 f6 23. Rcd1 Kf7 24. e5 Ke8 25. exf6 Bxf6 26. Ba3 Ke7
27. g4 Rd7 28. Bc1 Be5 29. Rf1 Kd8 30. Be3 Kc7 31. g5 d5 32. cxd5 Rxd5 33. Rxd5
exd5 34. Bf4 Kd6 35. Bxe5+ Kxe5 36. Rf7 Rg6 37. h4 h6 38. Kg3 hxg5 39. h5 Rh6
40. Kg4 g6 41. Kxg5 Rxh5+ 42. Kxg6 Rh3 43. b4 Rg3+ 44. Kh5 Rb3 45. Ra7 Kf4 46.
Kh6 Rxb4 47. Rxa6 Ke4 48. a5 bxa5 49. Rxa5 Rb2 50. Ra8 Rxe2 51. Re8+ Kd3 52.
Rd8 d4 53. Kg5 Rf2 54. Kg4 Ke3 55. Re8+ Kd2 56. Kg3 Rf7 57. Rd8 d3 58. Rd6 Ke2
59. Re6+ Kd1 60. Rd6 d2 61. Rc6 Rf5 0-1

[Event "21. Rheinland-Pfalz MTA"]
[Site "?"]
[Date "2002.07.07"]
[Round "3"]
[White "Schön, Ralf,Dr."]
[Black "Garski, Rudolf"]
[Result "1-0"]
[WhiteElo "2287"]
[BlackElo "2055"]
[PlyCount "99"]

1. e4 c5 2. Nf3 d6 3. d4 cxd4 4. Nxd4 Nf6 5. Nc3 a6 6. Be2 e5 7. Nf3 h6 8. O-O
Be6 9. Re1 Be7 10. Bf1 O-O 11. b3 Qc7 12. Bb2 Nbd7 13. a4 Rac8 14. a5 Qc6 15.
Nd2 d5 16. exd5 Nxd5 17. Nxd5 Bxd5 18. c4 Be6 19. Bc3 Rfd8 20. b4 Bg5 21. c5
Nf6 22. Qc2 Nd5 23. Nc4 Nxc3 24. Qxc3 Bxc4 25. Bxc4 Bd2 26. Qb3 Bxe1 27. Bxf7+
Kh8 28. Rxe1 Qf6 29. Bd5 Rc7 30. g3 Rcd7 31. Be4 Rd2 32. Qe3 Qf7 33. Rb1 Rd1+
34. Kg2 Rxb1 35. Bxb1 Rd4 36. Qxe5 Rxb4 37. Be4 Qf8 38. Qe6 Rb2 39. Kh3 Rb5 40.
f4 Rxc5 41. Qg6 Qc8+ 42. g4 Rc3+ 43. Kh4 Qg8 44. g5 Rc6 45. Bxc6 bxc6 46. Qxc6
hxg5+ 47. fxg5 Qh7+ 48. Kg4 Qxh2 49. Qe8+ Kh7 50. g6+ 1-0

[Event "21. Rheinland-Pfalz MTA"]
[Site "?"]
[Date "2002.07.07"]
[Round "3"]
[White "Lang, Torsten"]
[Black "Schenderowitsch, Michael"]
[Result "1/2-1/2"]
[WhiteElo "2307"]
[BlackElo "2261"]
[PlyCount "129"]

1. d4 Nf6 2. Nf3 e6 3. g3 b5 4. Bg2 Bb7 5. O-O c5 6. a4 b4 7. c3 Na6 8. Bf4
cxd4 9. cxd4 Be7 10. Qd3 O-O 11. Rc1 Rc8 12. Nbd2 Nb8 13. Nb3 Ba6 14. Qd1 Qb6
15. Nc5 d6 16. Nxa6 Qxa6 17. Bf1 Rxc1 18. Rxc1 Rc8 19. Rxc8+ Qxc8 20. Bd2 d5
21. Ne5 Nbd7 22. Nd3 a5 23. f3 Bd8 24. e3 Bb6 25. Kg2 Qc7 26. Qc1 Kf8 27. g4 h6
28. Be1 Qxc1 29. Nxc1 Ke7 30. Bg3 Ne8 31. h4 Nd6 32. b3 f6 33. Bd3 Nb8 34.
Bxd6+ Kxd6 35. Bb5 Nd7 36. Bxd7 Kxd7 37. h5 Ke7 38. Kf2 Kd6 39. Ke2 Ke7 40. Kd3
Kd6 41. Ne2 Bc7 42. e4 Ke7 43. Ke3 Bb6 44. f4 Kd6 45. Kd3 f5 46. gxf5 exf5 47.
exd5 Kxd5 48. Ng3 Bxd4 49. Nxf5 Bf6 50. Ne3+ Kc5 51. Ke4 Bd8 52. Nd5 Bh4 53. f5
Bf6 54. Nc7 Bb2 55. Ne6+ Kc6 56. Nd8+ Kc7 57. Nf7 Kc6 58. Nh8 Bf6 59. Ng6 Kc5
60. Nf4 Kd6 61. Nd5 Kc5 62. Ne3 Bd8 63. Nc4 Bc7 64. f6 gxf6 65. Ne3 1/2-1/2

[Event "21. Rheinland-Pfalz MTA"]
[Site "?"]
[Date "2002.07.07"]
[Round "3"]
[White "Kargoll, Peter"]
[Black "Stewart, Neil"]
[Result "0-1"]
[WhiteElo "2235"]
[BlackElo "2261"]
[PlyCount "68"]

1. d4 Nf6 2. Nf3 g6 3. Bg5 Bg7 4. Nbd2 O-O 5. e4 d5 6. Bxf6 Bxf6 7. e5 Bg7 8.
b4 f6 9. exf6 exf6 10. a3 Re8+ 11. Be2 Qe7 12. Kf1 Bf5 13. Nb3 Nd7 14. Nh4 Be6
15. Bd3 f5 16. Nf3 Nf6 17. h4 Qd6 18. Qc1 Re7 19. c3 Rae8 20. a4 Ne4 21. h5 f4
22. hxg6 hxg6 23. Nc5 Bf5 24. Bb1 Nxc5 25. bxc5 Qa6+ 26. Kg1 Be4 27. Qxf4 Bxf3
28. Qxf3 Rf7 29. Bd3 Rxf3 30. Bxa6 Rxc3 31. Bxb7 Bxd4 32. Bxd5+ Kg7 33. c6 Rc5
34. Bf3 Bxa1 0-1

[Event "21. Rheinland-Pfalz MTA"]
[Site "?"]
[Date "2002.07.07"]
[Round "3"]
[White "Köhler, Patrick"]
[Black "Lares, Harald"]
[Result "0-1"]
[WhiteElo "2171"]
[BlackElo "2003"]
[PlyCount "86"]

1. d4 Nf6 2. c4 c5 3. d5 e6 4. Nc3 exd5 5. cxd5 d6 6. Nf3 g6 7. e4 Bg7 8. a4
O-O 9. Be2 Bg4 10. Nd2 Bxe2 11. Qxe2 Re8 12. O-O Na6 13. Re1 Nb4 14. Qd1 h5 15.
Nc4 Ng4 16. Bf4 Bd4 17. Re2 Qf6 18. Qd2 Nd3 19. Bg3 Nxb2 20. Nxb2 Bxc3 21. Qc1
Rxe4 22. Rxe4 Bxb2 23. Rf4 Qg7 24. Qb1 Bxa1 25. h3 Ne5 26. Qxb7 Qf8 27. Bh4 Rb8
28. Qxa7 Rb1+ 29. Kh2 Nd3 30. Re4 Be5+ 31. Bg3 h4 32. Rxh4 Qd8 33. Bxe5 Nxe5
34. Rf4 Rb4 35. Rxb4 cxb4 36. f4 Nd3 37. Qd4 Nc5 38. Qxb4 Qf6 39. a5 Kg7 40. a6
Nxa6 41. Qc4 Nc5 42. Qf1 Qd4 43. f5 Qe5+ 0-1

[Event "21. Rheinland-Pfalz MTA"]
[Site "?"]
[Date "2002.07.07"]
[Round "3"]
[White "Meinhardt, Maximilian"]
[Black "Dausch, René"]
[Result "0-1"]
[WhiteElo "2175"]
[BlackElo "2348"]
[PlyCount "88"]

1. e4 c5 2. Nc3 e6 3. g3 d5 4. exd5 exd5 5. Bg2 Nf6 6. d3 d4 7. Ne4 Nxe4 8.
dxe4 Be7 9. Ne2 O-O 10. O-O Nc6 11. Nf4 Re8 12. Nd5 Be6 13. a3 Bf8 14. h4 Qd7
15. Bf4 Rac8 16. c4 dxc3 17. Nxc3 Nd4 18. Be3 Bg4 19. f3 Be6 20. Qd2 Rcd8 21.
Qf2 Bb3 22. Rac1 f5 23. Rfe1 b6 24. Bf1 Qf7 25. Bf4 fxe4 26. Rxe4 h6 27. Kg2
Rxe4 28. Nxe4 Bd5 29. Bd3 Be7 30. Be3 Nc6 31. Rf1 Ne5 32. Bc2 Rf8 33. Bf4 Nc6
34. Be3 Kh8 35. Nd2 Bf6 36. b3 Nd4 37. Bd1 Nxb3 38. Kh2 Nxd2 39. Qxd2 Bc4 40.
Re1 Rd8 41. Qc1 Bd3 42. Bf4 Qa2+ 43. Kh1 Qf2 44. Rg1 Bb2 0-1

[Event "21. Rheinland-Pfalz MTA"]
[Site "?"]
[Date "2002.07.07"]
[Round "4"]
[White "Lares, Harald"]
[Black "Meinhardt, Maximilian"]
[Result "0-1"]
[WhiteElo "1986"]
[BlackElo "2175"]
[PlyCount "120"]
[EventDate "2002.07.08"]

1. Nf3 d5 2. c4 e6 3. d4 c5 4. e3 Nf6 5. Nc3 a6 6. a3 dxc4 7. Bxc4 b5 8. Be2
Nbd7 9. O-O Bb7 10. Re1 Bd6 11. e4 cxd4 12. Nxd4 Bc7 13. Bg5 O-O 14. Qc2 Rc8
15. g3 Bb6 16. Qd2 h6 17. Be3 Nxe4 18. Nxe4 Bxe4 19. Rad1 Nf6 20. f3 Bg6 21.
Kg2 Nd5 22. Bf2 Qf6 23. a4 e5 24. Nc6 Bxf2 25. Kxf2 Nb6 26. axb5 axb5 27. Nb4
Nc4 28. Nd5 Qd6 29. Qb4 Qxb4 30. Nxb4 Nxb2 31. Rd5 Nc4 32. Rxb5 f6 33. Nd5 Kh7
34. Ne7 Nd6 35. Rb6 Rcd8 36. Nxg6 Kxg6 37. Bd3+ Kf7 38. Rd1 Ke7 39. Bg6 Ne4+
40. Ke1 Rxd1+ 41. Kxd1 Rd8+ 42. Ke1 Nd6 43. g4 Ra8 44. Kf2 Ra2+ 45. Kg3 Ra3 46.
Kf2 Ra7 47. Rb8 Nc4 48. h4 Kd6 49. Rb3 Kc5 50. Kg3 Ra3 51. Rxa3 Nxa3 52. f4 Kd4
53. Kf3 Nc4 54. g5 e4+ 55. Kg4 hxg5 56. hxg5 Ne3+ 57. Kh5 Nd5 58. gxf6 gxf6 59.
Kg4 e3 60. Kf3 e2 0-1

[Event "21. Rheinland-Pfalz MTA"]
[Site "?"]
[Date "2002.07.07"]
[Round "4"]
[White "Meier, Georg"]
[Black "Garski, Rudolf"]
[Result "1-0"]
[WhiteElo "1957"]
[BlackElo "2055"]
[PlyCount "89"]

1. Nf3 d6 2. d4 Nf6 3. g3 g6 4. Bg2 Bg7 5. O-O O-O 6. a4 Nbd7 7. a5 a6 8. Nbd2
c6 9. e4 e5 10. dxe5 dxe5 11. Re1 Qc7 12. Nc4 Ne8 13. b3 f6 14. Bh3 b5 15. axb6
Nxb6 16. Bxc8 Nxc8 17. Bd2 Rf7 18. Qe2 Rd7 19. Ra4 Bf8 20. Rea1 Qb7 21. Ne3 Nc7
22. Ng4 Be7 23. h4 Nd6 24. h5 Qb5 25. Qe3 g5 26. Ra5 Qb7 27. Bc3 c5 28. Nd2
Ndb5 29. Bb2 Ne6 30. c3 Rad8 31. Nh6+ Kf8 32. Nc4 Rd3 33. Qe1 Nbc7 34. R5a3 Ng7
35. Qe2 Nb5 36. Rxa6 Nxc3 37. Bxc3 Rxc3 38. Na5 Qd7 39. Nc6 Rc8 40. Nxe7 Qxe7
41. Ra7 Rc7 42. Ra8+ Ne8 43. Qd2 Rxb3 44. Qd5 Qg7 45. Rxe8+ 1-0

[Event "21. Rheinland-Pfalz MTA"]
[Site "?"]
[Date "2002.07.07"]
[Round "4"]
[White "Stewart, Neil"]
[Black "Schön, Ralf,Dr."]
[Result "1-0"]
[WhiteElo "2387"]
[BlackElo "2235"]
[PlyCount "45"]

1. e4 c6 2. c4 d5 3. cxd5 cxd5 4. exd5 Qxd5 5. Nc3 Qa5 6. d4 e6 7. Nf3 Nf6 8.
Bc4 Be7 9. O-O O-O 10. Bd2 Qc7 11. Bb3 Nc6 12. Rc1 Bd7 13. Qe2 Rac8 14. Bg5
Rfe8 15. Rfd1 Qd8 16. a3 Nb8 17. Ne5 Nd5 18. Bxe7 Nxc3 19. Rxc3 Qxe7 20. Rh3
Bc6 21. Qh5 h6 22. Rg3 Qf6 23. Ng4 1-0

[Event "21. Rheinland-Pfalz MTA"]
[Site "?"]
[Date "2002.07.07"]
[Round "4"]
[White "Schenderowitsch, Michael"]
[Black "Köhler, Patrick"]
[Result "1-0"]
[WhiteElo "2261"]
[BlackElo "2171"]
[PlyCount "55"]

1. c4 Nf6 2. g3 g6 3. Nc3 Bg7 4. Bg2 O-O 5. e4 d6 6. Nge2 c5 7. O-O Nc6 8. h3
Bd7 9. d3 Ne8 10. Be3 Nd4 11. Rb1 Rb8 12. f4 a6 13. Qd2 Qa5 14. b3 Nc7 15. Kh2
b5 16. Nxd4 cxd4 17. Nd5 Qxd2 18. Nxe7+ Kh8 19. Bxd2 bxc4 20. dxc4 Rfe8 21. Nd5
Nxd5 22. cxd5 Bb5 23. Rfe1 Bd3 24. Rbc1 Rbc8 25. Rc6 Bc2 26. Rxd6 d3 27. Rc6
Bd4 28. e5 1-0

[Event "21. Rheinland-Pfalz MTA"]
[Site "?"]
[Date "2002.07.07"]
[Round "4"]
[White "Dausch, Rene"]
[Black "Kargoll, Peter"]
[Result "1/2-1/2"]
[WhiteElo "2348"]
[BlackElo "2287"]
[PlyCount "46"]

1. c4 e6 2. g3 d5 3. Bg2 Nf6 4. Nf3 Be7 5. O-O O-O 6. d4 Nbd7 7. Qc2 Ne4 8. Nc3
Nxc3 9. bxc3 dxc4 10. Nd2 Nb6 11. a4 a5 12. Qa2 c5 13. dxc5 Bxc5 14. Nxc4 Nxc4
15. Qxc4 Qe7 16. Qb3 Ra6 17. Ba3 Bxa3 18. Rxa3 Rd6 19. c4 Qc7 20. Qb5 Bd7 21.
Qxb7 Qxc4 22. e3 Bxa4 23. Qe4 Qxe4 1/2-1/2

[Event "21. Rheinland-Pfalz MAT"]
[Site "?"]
[Date "2002.07.08"]
[Round "5"]
[White "Kargoll, Peter"]
[Black "Lares, Harald"]
[Result "1-0"]
[WhiteElo "2287"]
[BlackElo "1986"]
[PlyCount "118"]

1. d4 Nf6 2. c3 g6 3. Nf3 Bg7 4. Bg5 d5 5. Nbd2 Nbd7 6. e3 O-O 7. Be2 c6 8. O-O
Re8 9. c4 a6 10. Rc1 Qa5 11. cxd5 cxd5 12. a3 Ne4 13. Nb3 Qb6 14. Bf4 Nd6 15.
Bg3 Nf6 16. Ne5 Nfe4 17. a4 a5 18. Rc5 f6 19. Nf3 Bd7 20. Bxd6 exd6 21. Bb5 Bc6
22. Rc2 Bxb5 23. axb5 Qxb5 24. Nbd2 Rac8 25. Qc1 Rc6 26. Rxc6 bxc6 27. Qc2 f5
28. Rc1 Rc8 29. b3 Bf6 30. Nb1 Kg7 31. Nc3 Nxc3 32. Qxc3 c5 33. Ra1 Ra8 34. g3
Ra6 35. Kg2 Kh6 36. Nd2 Kh5 37. Ra2 Kh6 38. h3 Kg7 39. Kg1 a4 40. bxa4 Rxa4 41.
Rb2 Qa6 42. Kg2 c4 43. Rb8 Ra3 44. Qb4 Ra4 45. Qb2 Ra2 46. Qb4 Be7 47. Re8 Kf6
48. Qb8 c3 49. Qc7 Qa7 50. Qxc3 Qa5 51. Qxa5 Rxa5 52. g4 Kf7 53. Rb8 fxg4 54.
hxg4 h6 55. Kf3 Kf6 56. Nb1 h5 57. gxh5 gxh5 58. Kf4 h4 59. Kg4 Ke6 {
Wegen Zeitnot keine Notation!} 1-0

[Event "21. Rheinland-Pfalz MAT"]
[Site "?"]
[Date "2002.07.08"]
[Round "5"]
[White "Garski, Rudolf"]
[Black "Stewart, Neil"]
[Result "1/2-1/2"]
[WhiteElo "2055"]
[BlackElo "2387"]
[PlyCount "79"]

1. e4 e6 2. d4 d5 3. e5 c5 4. c3 Nc6 5. Nf3 Bd7 6. a3 f6 7. Bd3 fxe5 8. dxe5
Qc7 9. O-O Nxe5 10. Nxe5 Qxe5 11. Re1 Qd6 12. Qh5+ Kd8 13. c4 Nf6 14. Bg5 Kc8
15. Qh4 Be7 16. Nc3 Re8 17. cxd5 exd5 18. Bf4 Qb6 19. Qg5 d4 20. Nd5 Nxd5 21.
Qxd5 g6 22. Rac1 Qf6 23. Rxe7 Rxe7 24. Bg5 Qe6 25. Qxc5+ Kd8 26. Qxd4 Rc8 27.
Bxe7+ Qxe7 28. Qh8+ Be8 29. Rxc8+ Kxc8 30. Qc3+ Bc6 31. Bb5 Qe4 32. f3 Qb1+ 33.
Kf2 Kc7 34. Bxc6 bxc6 35. Qe5+ Kb6 36. Qb8+ Ka6 37. Qc8+ Kb6 38. Qb8+ Ka6 39.
Qc8+ Kb6 40. Qb8+ 1/2-1/2

[Event "21. Rheinland-Pfalz MAT"]
[Site "?"]
[Date "2002.07.08"]
[Round "5"]
[White "Köhler, Patrick"]
[Black "Voropaev, Gleb"]
[Result "0-1"]
[WhiteElo "2171"]
[BlackElo "2327"]
[PlyCount "57"]

1. d4 Nf6 2. c4 g6 3. Nc3 Bg7 4. e4 d6 5. f3 O-O 6. Be3 a6 7. Qd2 Nc6 8. h4 h5
9. O-O-O Bd7 10. Bd3 b5 11. Nh3 e5 12. d5 Nd4 13. Ne2 bxc4 14. Bxc4 Bb5 15. Bd3
Ba4 16. Rdg1 c5 17. Nxd4 exd4 18. Bh6 Bb5 19. Bxg7 Kxg7 20. g4 c4 21. Bb1 Qb6
22. Qf2 c3 23. Nf4 Qc5 24. b3 hxg4 25. fxg4 Rac8 26. Qc2 d3 27. Nxd3 Qe3+ 28.
Kd1 Nxe4 29. Re1 0-1

[Event "21. Rheinland-Pfalz MAT"]
[Site "?"]
[Date "2002.07.08"]
[Round "5"]
[White "Lang, Torsten"]
[Black "Meier, Georg"]
[Result "1/2-1/2"]
[WhiteElo "2307"]
[BlackElo "1957"]
[PlyCount "81"]

1. d4 e6 2. Nf3 Nf6 3. Bf4 c5 4. c3 b6 5. e3 Bb7 6. Nbd2 Be7 7. h3 d5 8. Bd3
Nbd7 9. O-O O-O 10. Qb1 a5 11. Re1 Qc8 12. a4 Ba6 13. Ne5 Bxd3 14. Qxd3 Qb7 15.
Qb5 Rac8 16. Nb3 Nxe5 17. Bxe5 c4 18. Bxf6 gxf6 19. Nd2 f5 20. Rab1 Qc6 21. f3
Qxb5 22. axb5 a4 23. e4 Bg5 24. Nf1 fxe4 25. fxe4 Rfd8 26. Nh2 dxe4 27. Rxe4
Rd5 28. Rbe1 Rxb5 29. Re5 Rxe5 30. Rxe5 Bf4 31. Rb5 Bxh2+ 32. Kxh2 Ra8 33. Rb4
b5 34. Rxb5 a3 35. bxa3 Rxa3 36. Rg5+ Kf8 37. Rg3 Ra1 38. Rf3 Ke7 39. g4 f6 40.
Kg3 Rd1 41. Kf2 1/2-1/2

[Event "21. Rheinland-Pfalz MAT"]
[Site "?"]
[Date "2002.07.08"]
[Round "5"]
[White "Schön, Ralf,Dr."]
[Black "Dausch, Rene"]
[Result "1/2-1/2"]
[WhiteElo "2235"]
[BlackElo "2348"]
[PlyCount "69"]

1. e4 c5 2. Nf3 Nc6 3. Bb5 g6 4. O-O Bg7 5. Bxc6 dxc6 6. d3 Nf6 7. Nc3 O-O 8.
Be3 b6 9. h3 Re8 10. a4 a5 11. Rb1 e5 12. b3 Nd7 13. Qd2 Nf8 14. Nh2 Ne6 15.
Ne2 Ra7 16. f4 exf4 17. Nxf4 Nd4 18. Nf3 f5 19. exf5 Nxf5 20. Bf2 Bh6 21. g4
Nd4 22. Nxd4 cxd4 23. Rbe1 Rf8 24. Bg3 Raf7 25. Qh2 c5 26. Ng2 Rxf1+ 27. Rxf1
Rxf1+ 28. Kxf1 Qf6+ 29. Ke2 Bb7 30. Ne1 Qe6+ 31. Kf1 Be3 32. Bf2 Qf7 33. Kg1
Bf4 34. Bg3 Be3+ 35. Bf2 1/2-1/2